| 000 | 01483nam a22003737a 4500 | ||
|---|---|---|---|
| 001 | 357 | ||
| 003 | FISKH | ||
| 005 | 20250313105447.0 | ||
| 008 | 230329b cb ||||| |||| 00| 0 eng d | ||
| 020 | _a9780763645045 | ||
| 040 |
_aDLC _cDLC _dDLC _dFISKH _beng |
||
| 042 | _alcac | ||
| 050 | 0 | 0 |
_aPZ7.D5455 _bMed 2007 |
| 082 | 0 | 0 |
_a813.54 _222 |
| 100 | 1 |
_aDiCamillo, Kate. _d1964- |
|
| 245 | 1 | 0 |
_aMercy Watson : _bprincess in disguise / _cKate DiCamillo ; illustrated by Chris Van Dusen. |
| 250 | _a1st ed. | ||
| 260 |
_aSomerville : _bCandlewick Press, _c2009. |
||
| 300 |
_a70 pages. : _bcol. ill. ; _c21 cm. |
||
| 490 | 1 |
_aMercy Watson ; _vno. 4 |
|
| 505 | _aF | ||
| 520 | _aPersuaded by the word "treating" to dress up as a princess for Halloween, Mercy the pig's trick-or-treat outing has some very unexpected results. | ||
| 521 | 1 |
_a450
_bLexile |
|
| 521 | 1 |
_aF
_bRaz-Plus |
|
| 650 | 1 |
_aPigs _vFiction. |
|
| 650 | 1 |
_aHalloween _vFiction. |
|
| 650 | 1 | _aHumorous stories. | |
| 700 | 1 |
_aVan Dusen, Chris, _eill. |
|
| 856 | 4 | 2 |
_3Contributor biographical information _uhttp://www.loc.gov/catdir/enhancements/fy0704/2006051827-b.html |
| 856 | 4 | 2 |
_3Publisher description _uhttp://www.loc.gov/catdir/enhancements/fy0704/2006051827-d.html |
| 906 |
_a7 _bcbc _corignew _d1 _eocip _f20 _gy-gencatlg |
||
| 942 |
_2ddc _cBK _n0 |
||
| 999 |
_c357 _d357 |
||